| 000 | 00000nam##2200000za#4500 |
| 001 | 9.632192 |
| 003 | CaOODSP |
| 005 | 20250116102518 |
| 007 | cr ||||||||||| |
| 008 | 150407|2006||||xxc|||||o f|0| 0 fre|d |
| 020 | |a0-662-74989-8 |
| 040 | |aCaOODSP|bfre |
| 043 | |an-cn--- |
| 086 | 1 |aA22-401/2005F-PDF |
| 110 | 1 |aCanada. |bAgriculture et agroalimentaire Canada. |bService d'exportation agroalimentaire. |
| 245 | 10|aCanada - l'excellence à votre table |h[ressource électronique] |
| 250 | |aDeuxième édition |
| 260 | |aOttawa - Ontario : |bAgriculture et Agroalimentaire Canada. |c[2006, ©2005]. |
| 300 | |a137p.|bphotographies |
| 520 | 3 |aCe livre invite les lecteurs à découvrir le Canada en préparant des recettes qui reflètent la diversité de son territoire et des gens qui y vivent. Il présente un riche éventail de boissons et de mets savoureux qu’offre le Canada – riz sauvage, bison, sirop d’érable, saumon, lentilles, morilles, lapin des neiges, moules blues, bleuets sauvages, vins de glace, etc. Les recettes sont présentées dans différentes sections : hors-d’Ĺ“uvre, salades, soupes, plats principaux, poissons et fruits de mer, plats d’accompagnement, desserts, cocktails et boissons sans alcool. |
| 590 | |a07-33|b2007-08-17 |
| 691 | 07|aArt culinaire|2gcpds |
| 775 | 08|t[Canada - l'excellence à votre table]. |w(CaOODSP)9.674448 |
| 775 | 08|tCanada - excellence at your table |w(CaOODSP)9.687749 |
| 775 | 08|tCanada - l'excellence à votre table |w(CaOODSP)9.674450 |
| 776 | 0#|tCanada - l'excellence à votre table |w(CaOODSP)9.682998 |
| 856 | 40|ahttp://publications.gc.ca|qPDF|s22648 Ko|uhttps://publications.gc.ca/collections/collection_2007/agr/A22-401-2005F.pdf |